000 00972nam a2200277 i 4500
001 17268
003 ES-MaACL
005 20250801084935.0
007 t|
008 010124s1981 sp |||| | spa j
020 _a84-249-0068-5
080 _a860(=927)"13/16"(082.2)
080 _a091:860(=927)"15"(04)
245 0 0 _aCinco leyendas y otros relatos moriscos
_b: (Ms-4953 de la Biblioteca Nacional Madrid) /
_cedición, estudio y materiales por Ottmar Hegyi.
260 _aMadrid :
_bGredos,
_c1981.
300 _a387 p. ;
_c19 cm.
490 1 _aColección de literatura española aljamiado-morisca ;
_v4
504 _aBibliografía: p. 363-376.
650 1 7 _aLiteratura aljamiada
_2embne
_914502
650 1 4 _aManuscritos árabes-
_yS.XVI.
_914760
700 1 _aHegyi, Ottmar.
_962329
830 0 _aColección de literatura española aljamiado-morisca ;
_v4
_9180235
852 _aES-MaACL
_jL-24094
852 _aES-MaACL
_jL-1072
999 _c17268
_d17268